Normal view
MARC view
- Mitra, Amitava
Entry Personal Name
001 - CONTROL NUMBER
- control field: 85040
003 - CONTROL NUMBER IDENTIFIER
- control field: NUST
005 - DATE AND TIME OF LATEST TRANSACTION
- control field: 20211124121215.0
008 - FIXED-LENGTH DATA ELEMENTS
- fixed length control field: 211124|| aca||aabn | a|a d
040 ## - CATALOGING SOURCE
- Original cataloging agency: NUST
- Transcribing agency: NUST
100 ## - HEADING--PERSONAL NAME
- Personal name: Mitra, Amitava
670 ## - SOURCE DATA FOUND
- Source citation: Work cat.: (NUST)31553: Mitra, Amitava., Fundamentals of quality control and improvement /, c2008.
